000 00765nam a2200253Ia 4500
003 OSt
005 20220918171016.0
006 a|||||r|||| 00| 0
007 ta
008 220917b |||||||| |||| 00| 0 eng d
020 _a9781137341822 (pbk)
_c1769.49
024 _a285,401
037 _b105499, 20/03/2015, International Book Distributors
_cTextual
040 _aARTS
_cARTS
_beng
041 _2eng
_aeng
082 _aV3:17.N, Q5
100 _aPotter Simon J
_933085
245 0 _aBritish imperial history
260 _aNew York
_bPalgrave USA
_c2015
300 _ax,160p.
_ccm.
650 _aHISTORY
942 _hV3:17.N, Q5
_cTEXL
_2CC
999 _c137241
_d137241